Digital evidence and computer crime : Forensic science, computers and the internat
Saved in:
| Format: | Book |
|---|---|
| Language: | Undetermined |
| Published: |
Amsterdam
Elsevier
2004
|
| Subjects: | |
| Tags: |
Add Tag
No Tags, Be the first to tag this record!
|
| Institutions: | Trung tâm Học liệu Trường Đại học Cần Thơ |
|---|
| LEADER | 00542nam a2200193Ia 4500 | ||
|---|---|---|---|
| 001 | CTU_94693 | ||
| 008 | 210402s9999 xx 000 0 und d | ||
| 020 | |c 68.55 | ||
| 082 | |a 363.25968 | ||
| 082 | |b C337 | ||
| 245 | 0 | |a Digital evidence and computer crime : | |
| 245 | 0 | |b Forensic science, computers and the internat | |
| 245 | 0 | |c Eoghan Casey | |
| 260 | |a Amsterdam | ||
| 260 | |b Elsevier | ||
| 260 | |c 2004 | ||
| 650 | |a Computer crimes,Evidence, criminal | ||
| 904 | |i Năm | ||
| 980 | |a Trung tâm Học liệu Trường Đại học Cần Thơ | ||